| 000 | 00790nam0a22002531 4500 | ||
|---|---|---|---|
| 001 | rc\123096 | ||
| 005 | 20250620191346.0 | ||
| 010 |
_a5-7140-0142-7 _910000 |
||
| 035 | _a(NLR Aleph) 005379951 | ||
| 090 |
_a7090044 _c7090044 |
||
| 100 | _a20021216d1996 |||y0rusy50 ca | ||
| 101 | 0 | _arus | |
| 102 | _aRU | ||
| 105 | _aa ||||||||| | ||
| 200 | 1 |
_aРусская музыкальная литература _e[Учебник] _eДля 6-7-х кл. дет. музык. шк. |
|
| 205 | _aПереизд. | ||
| 210 |
_aМ. _cМузыка _d1996 |
||
| 215 |
_a135, [4] с. _cил., нот. ил. _d22 |
||
| 700 | 1 |
_aСмирнова _bЭ.С. _gЭсфирь Соломоновна |
|
| 801 | 0 |
_aRU _bNLR _gpsbo |
|
| 801 | 1 |
_aRU _bELAR _2rusmarc |
|
| 852 |
_aNLR _j96-5/1363 |
||
| 942 | _cBOOK | ||
| 980 | _aNB | ||